Commercial Leases (Record no. 114226)

MARC details
000 -LEADER
fixed length control field 01600cam a22002535a 4500
001 - CONTROL NUMBER
control field L156383
008 - FIXED-LENGTH DATA ELEMENTS--GENERAL INFORMATION
fixed length control field 150512s2012 xxk f 001 0 eng d
020 ## - INTERNATIONAL STANDARD BOOK NUMBER
International Standard Book Number 9781847663177
035 ## - SYSTEM CONTROL NUMBER
System control number (Sirsi) u156383
041 0# - LANGUAGE CODE
Language code of text/sound track or separate title eng
050 04 - LIBRARY OF CONGRESS CALL NUMBER
Classification number 346.4104343 $2 18
100 1# - MAIN ENTRY--PERSONAL NAME
Personal name Cockburn, David
245 00 - TITLE STATEMENT
Title Commercial Leases
250 ## - EDITION STATEMENT
Edition statement 2nd ed.
260 ## - PUBLICATION, DISTRIBUTION, ETC.
Place of publication, distribution, etc. West Sussex
Name of publisher, distributor, etc. Bloomsbury Professional Limited
Date of publication, distribution, etc. 2011
300 ## - PHYSICAL DESCRIPTION
Extent xix, 206p.
Dimensions 22 cm
505 2# - FORMATTED CONTENTS NOTE
Formatted contents note General introduction -- Chapter 2: offers or agreements for lease -- Chapter 3: the subjects of lease -- Chapter 4: the letting -- Chapter 5: repairs -- Chapter 6: Service charge -- Chapter 7 Insurance and related matters -- Chapter 8: rent review -- Chapter 9: the tenant's gerenal obligations -- Chapter 10: the landlord's obligations -- Chapter 11: termination -- Chapter 12: sub-leases, assignations and renunciations.
520 ## - SUMMARY, ETC.
Summary, etc. This book provides a practical guide to occupational leases for commercial property. Following the chronology of a transaction, the author explains clauses which regularly occur in commercial leases, highlighting the points each side needs to insist upon in negotiations and providing optional revisals for those acting for tenants. In an area of law where careful drafting is essential, this concise and informative handbook offers a unique practical viewpoint which outlines potential pitfalls and aids in providing solutions.
520 ## - SUMMARY, ETC.
Summary, etc. Supersedes the 1st edition ISBN#(0406947120).
521 ## - TARGET AUDIENCE NOTE
Target audience note Advanced
651 #4 - SUBJECT ADDED ENTRY--GEOGRAPHIC NAME
Geographic name ENGLAND AND WALES
690 ## - LOCAL SUBJECT ADDED ENTRY--TOPICAL TERM (OCLC, RLIN)
Topical term or geographic name as entry element Leasing/Letting
9 (RLIN) 6253
942 ## - ADDED ENTRY ELEMENTS (KOHA)
Suppress in OPAC 0
Holdings
Withdrawn status Lost status Source of classification or shelving scheme Damaged status Not for loan Home library Current library Shelving location Date acquired Total Checkouts Full call number Barcode Date last seen Copy number Price effective from Koha item type
    Dewey Decimal Classification     London London Books 11/07/2012   346.4104343 COC 30077443 06/08/2019 1 06/08/2019 Book